| Tag |
First Indicator |
Second Indicator |
Subfields |
| LEADER |
00000cam a2200000 a 4500 |
| 001 |
in00000085063 |
| 005 |
20151008054453.0 |
| 008 |
810209s1980 enka b 00110 engm |
| 010 |
|
|
|a 81452878
|
| 015 |
|
|
|a GB***
|
| 020 |
|
|
|a 0862100062 (pbk.)
|
| 035 |
|
|
|a (OCoLC)06389016
|
| 035 |
|
|
|9 AAJ0758AM
|
| 040 |
|
|
|a DLC
|c DLC
|d m.c.
|d TXA
|d UtOrBLW
|
| 043 |
|
|
|a e-ur---
|
| 049 |
|
|
|a TXAM
|c [1501043]
|
| 050 |
0 |
0 |
|a LAW
|
| 082 |
0 |
|
|a 365/.45/0947
|2 19
|
| 090 |
|
|
|a KLA4810
|b .A966 1980
|
| 099 |
|
|
|a KM
|a A522
|a 1980
|
| 110 |
2 |
|
|a Amnesty International.
|
| 245 |
1 |
0 |
|a Prisoners of conscience in the USSR :
|b their treatment and conditions.
|
| 250 |
|
|
|a 2nd ed.
|
| 264 |
|
1 |
|a London, England :
|b Amnesty International Publications,
|c 1980.
|
| 300 |
|
|
|a 217 pages :
|b illustrations ;
|c 21 cm.
|
| 336 |
|
|
|a text
|b txt
|2 rdacontent
|
| 337 |
|
|
|a unmediated
|b n
|2 rdamedia
|
| 338 |
|
|
|a volume
|b nc
|2 rdacarrier
|
| 500 |
|
|
|a "An Amnesty International report."
|
| 504 |
|
|
|a Includes bibliographical references and index.
|
| 650 |
|
0 |
|a Prisons
|x Law and legislation
|z Soviet Union.
|
| 650 |
|
0 |
|a Political prisoners
|z Soviet Union.
|
| 650 |
|
0 |
|a Criminal law
|z Soviet Union.
|
| 949 |
|
|
|a updated
|b h
|c 2000/3/15
|e jspillan
|f 11:43:46 am
|
| 999 |
|
|
|a MARS
|
| 999 |
f |
f |
|s ff850f8d-4340-32fa-ae1c-b4bb7260d624
|i f60a9804-519a-3685-9f6a-0ae77ccb162e
|t 0
|
| 952 |
f |
f |
|p ric
|a Texas A&M University
|b Rellis Campus
|c Joint Library Facility
|d Remote Storage
|t 0
|e KLA4810 .A966 1980
|h Library of Congress classification
|i unmediated -- volume
|m A14825776259
|
| 998 |
f |
f |
|a KLA4810 .A966 1980
|t 0
|l Remote Storage
|